[Event "Aragon-chT Preferente Gr-II"]
[Site "Aragon"]
[Date "2019.03.02"]
[Round "6.58"]
[White "Bayona Bafaluy, Jose Maria"]
[Black "Alonso Blasco, Jose Miguel"]
[Result "1/2-1/2"]
[WhiteElo "1813"]
[BlackElo "1958"]
[PlyCount "91"]
[EventDate "2019.01.26"]
[EventType "team-tourn"]
[EventRounds "9"]
[EventCountry "ESP"]
[SourceTitle "EXT 2020"]
[Source "ChessBase"]
[SourceDate "2019.10.17"]
[SourceVersion "1"]
[SourceVersionDate "2019.10.17"]
[SourceQuality "1"]
[WhiteTeam "Binefar"]
[BlackTeam "Las Fuentes"]
[WhiteTeamCountry "ESP"]
[BlackTeamCountry "ESP"]

1. e4 c6 2. d4 d5 3. Nc3 dxe4 4. Nxe4 Nf6 5. Nxf6+ gxf6 6. Bc4 Bf5 7. g4 Be4 8. f3 Bg6 9. Bf4 Qb6 10. Bb3 Nd7 11. Qd2 0-0-0 12. Be3 e6 13. 0-0-0 c5 14. Ne2 cxd4 15. Nxd4 Bc5 16. Rhe1 Ne5 17. Qc3 Kb8 18. Nf5 Bxe3+ 19. Nxe3 Rc8 20. Nc4 Nxc4 21. Bxc4 Qc7 22. b3 b5 23. Qb4 Qb6 24. Rd6 Qc5 25. Qxb5+ Qxb5 26. Bxb5 Rxc2+ 27. Kd1 Rxa2 28. Re2 Ra5 29. Bc4 Kc7 30. Red2 Rc5 31. Rd7+ Kb8 32. Ke2 Rc7 33. Ke3 f5 34. g5 a5 35. Rxc7 Kxc7 36. Ra2 Kb6 37. Rd2 h6 38. h4 hxg5 39. hxg5 Rh3 40. Rd6+ Kc5 41. Ra6 Kb4 42. Rb6+ Kc3 43. Rc6 Kb4 44. Rb6+ Kc3 45. Bf1 Rh2 46. Bc4 1/2-1/2

[Event "Aragon-chT Preferente B"]
[Site "Aragon"]
[Date "2016.03.05"]
[Round "6.59"]
[White "Bayona Bafaluy, Jose Maria"]
[Black "Fernandez Sierra, Pedro Jose"]
[Result "1-0"]
[WhiteElo "1823"]
[BlackElo "1670"]
[PlyCount "65"]
[EventDate "2016.01.30"]
[EventType "team-tourn"]
[EventRounds "9"]
[EventCountry "ESP"]
[SourceTitle "EXT 2018"]
[Source "ChessBase"]
[SourceDate "2017.10.13"]
[SourceVersion "1"]
[SourceVersionDate "2017.10.13"]
[SourceQuality "1"]
[WhiteTeam "Binefar"]
[BlackTeam "Actur Rey Fernando"]
[WhiteTeamCountry "ESP"]
[BlackTeamCountry "ESP"]

1. e4 e6 2. Nc3 d5 3. d4 dxe4 4. f3 Bb4 5. a3 Bxc3+ 6. bxc3 Nf6 7. Bg5 h6 8. Bh4 g5 9. Bg3 Qd5 10. Be5 Nbd7 11. Rb1 Nxe5 12. Rb5 Nxf3+ 13. Nxf3 Qd8 14. Ne5 a6 15. Rb3 Nd7 16. Ng4 f5 17. Ne3 Nf6 18. Be2 Nd5 19. Nc4 0-0 20. Ne5 Nf4 21. 0-0 Nxe2+ 22. Qxe2 Qe8 23. c4 b6 24. Rh3 Kg7 25. Qe3 Bb7 26. Qc3 Kh7 27. Rb1 Rb8 28. c5 bxc5 29. Qxc5 c6 30. Rhb3 e3 31. Rxb7+ Rxb7 32. Rxb7+ Kg8 33. Qa7 1-0

[Event "Aragon-chT Preferente B"]
[Site "Aragon"]
[Date "2016.02.20"]
[Round "4.66"]
[White "Fuentes Espuna, Juan Antonio"]
[Black "Bayona Bafaluy, Jose Maria"]
[Result "1-0"]
[WhiteElo "1956"]
[BlackElo "1823"]
[PlyCount "73"]
[EventDate "2016.01.30"]
[EventType "team-tourn"]
[EventRounds "9"]
[EventCountry "ESP"]
[SourceTitle "EXT 2018"]
[Source "ChessBase"]
[SourceDate "2017.10.13"]
[SourceVersion "1"]
[SourceVersionDate "2017.10.13"]
[SourceQuality "1"]
[WhiteTeam "La Aurora Estadilla II"]
[BlackTeam "Binefar"]
[WhiteTeamCountry "ESP"]
[BlackTeamCountry "ESP"]

1. d4 e6 2. c4 f5 3. Nf3 Nf6 4. Nc3 Bb4 5. Qb3 a5 6. Bd2 0-0 7. a3 Bxc3 8. bxc3 d6 9. g3 Ra6 10. Bg2 e5 11. dxe5 dxe5 12. Nxe5 Re8 13. Nf3 Rb6 14. Qa2 Qd3 15. 0-0 Rxe2 16. Rad1 Be6 17. Qa1 Nbd7 18. Be3 Qxc4 19. Bxb6 cxb6 20. Nd4 Ra2 21. Qc1 Bd5 22. Bxd5+ Qxd5 23. Qg5 g6 24. c4 Qc5 25. Ne6 Qc6 26. Rxd7 Qxe6 27. Rxb7 Re2 28. Qh6 Nd7 29. Ra7 Qe8 30. h4 Re7 31. h5 Qb8 32. Rxd7 Rxd7 33. hxg6 Qb7 34. Re1 Qa8 35. gxh7+ Rxh7 36. Qg6+ Kh8 37. Re8+ 1-0

[Event "Aragon-chT Preferente A"]
[Site "Aragon"]
[Date "2014.03.22"]
[Round "9.51"]
[White "Bayona Bafaluy, Jose Maria"]
[Black "Anson Casaos, Alejandro"]
[Result "1-0"]
[WhiteElo "1759"]
[BlackElo "1902"]
[PlyCount "113"]
[EventDate "2014.01.25"]
[EventType "team-tourn"]
[EventRounds "9"]
[EventCountry "ESP"]
[SourceTitle "EXT 2015"]
[Source "ChessBase"]
[SourceDate "2014.11.20"]
[SourceVersion "1"]
[SourceVersionDate "2014.11.20"]
[SourceQuality "1"]
[WhiteTeam "Binefar"]
[BlackTeam "Helios II"]
[WhiteTeamCountry "ESP"]
[BlackTeamCountry "ESP"]

1. e4 e5 2. Nf3 d6 3. d4 exd4 4. Nxd4 Nf6 5. Nc3 Be7 6. Bf4 0-0 7. Qd2 d5 8. Ndb5 Bb4 9. 0-0-0 c6 10. Nc7 Nxe4 11. Qe3 Nxc3 12. bxc3 Ba3+ 13. Kd2 Nd7 14. Nxa8 Bc5 15. Qg3 Nf6 16. Bd3 Nh5 17. Qf3 Qh4 18. Bg3 Qg5+ 19. Bf4 Nxf4 20. h4 Qh6 21. Ke1 Qe6+ 22. Kf1 Bd6 23. h5 b6 24. h6 g6 25. c4 Bb7 26. Nxb6 axb6 27. cxd5 cxd5 28. Re1 Qf6 29. g3 Ra8 30. gxf4 Rxa2 31. f5 Ra1 32. Rxa1 Qxa1+ 33. Kg2 Qf6 34. fxg6 Qg5+ 35. Kf1 fxg6 36. Qh3 Kh8 37. Qd7 Qe7 38. Qg4 Qf6 39. Rg1 Bc5 40. Qe2 Bc6 41. Rg3 Qf4 42. Qf3 Bd6 43. Qe3 Qf6 44. Rg4 Kg8 45. Qxb6 Bd7 46. Rg3 Be7 47. Qxf6 Bxf6 48. c4 Be6 49. c5 Bd7 50. Bc2 Kf7 51. Rb3 Bd4 52. Rb7 Ke8 53. c6 Bxc6 54. Rxh7 g5 55. Bg6+ Kf8 56. Rf7+ Kg8 57. h7+ 1-0

[Event "Aragon-chT Preferente A"]
[Site "Aragon"]
[Date "2014.02.01"]
[Round "2.48"]
[White "Urgel Varela, Fernando"]
[Black "Bayona Bafaluy, Jose Maria"]
[Result "0-1"]
[WhiteElo "1831"]
[BlackElo "1759"]
[PlyCount "76"]
[EventDate "2014.01.25"]
[EventType "team-tourn"]
[EventRounds "9"]
[EventCountry "ESP"]
[SourceTitle "EXT 2015"]
[Source "ChessBase"]
[SourceDate "2014.11.20"]
[SourceVersion "1"]
[SourceVersionDate "2014.11.20"]
[SourceQuality "1"]
[WhiteTeam "San Jose"]
[BlackTeam "Binefar"]
[WhiteTeamCountry "ESP"]
[BlackTeamCountry "ESP"]

1. e4 c5 2. Bc4 e6 3. Nc3 a6 4. a4 Nc6 5. f4 Nge7 6. e5 Nf5 7. Nf3 d6 8. exd6 Bxd6 9. d3 Qc7 10. g3 b6 11. Ne4 Bb7 12. 0-0 h5 13. Qe1 Ncd4 14. Nxd4 Nxd4 15. Qf2 0-0-0 16. Be3 Nf5 17. Ng5 Qc6 18. Nf3 g5 19. fxg5 h4 20. g4 Ng3 21. hxg3 hxg3 22. Qd2 Rh2 23. Qc3 Qxf3 24. Rxf3 Bxf3 25. Bxa6+ Kc7 26. Kf1 Rh1+ 27. Bg1 Rdh8 28. Qxh8 Rxh8 29. Re1 Bf4 30. g6 e5 31. gxf7 Kd6 32. Bc4 Bd2 33. Ra1 Ke7 34. a5 b5 35. Bxc5+ Kd7 36. Bxb5+ Kc7 37. f8Q Rxf8 38. Bxf8 Be3 0-1